000
00270nam a2200109Ia 4500
008
200302s9999 xx 000 0 und d
100
_a
Henri Stierlin
245
_a
Encyclopedia of World Architecture 1
260
_b
Macmillan Press Ltd.
260
_c
1979
300
_a
255 P.,
999
_c
321
_d
321